| 000 | 00552cam a22002171 4500 | ||
|---|---|---|---|
| 001 | sa 68019891 | ||
| 003 | DLC | ||
| 005 | 20260227112720.0 | ||
| 008 | 970402s1964 io 000 1 ind | ||
| 010 | _asa 68019891 | ||
| 035 | _a(OCoLC)36664692 | ||
| 040 |
_aDLC _cWU _dDLC |
||
| 042 | _apremarc | ||
| 050 | 0 | 0 |
_aPZ90.I5 _bA58 |
| 100 | 0 | _aAnna Mariana M. | |
| 245 | 1 | 0 |
_aLeila, _coleh Anna Mariana M. |
| 260 |
_aDjakarta, _bBalai Pustaka, _c1964. |
||
| 300 |
_a16 p. _c19 cm. |
||
| 490 | 0 | _aSeri batjaan sehat/remadja | |
| 500 | _a"B.P. no.2179." | ||
| 999 |
_c89130 _d89130 |
||